header

Optimal inventory modeling of systems (Record no. 69968)

MARC details
000 -LEADER
fixed length control field 01365nam a2200325Ia 4500
100 1# - MAIN ENTRY--AUTHOR NAME
Personal name Sherbrooke, Craig C.
245 10 - TITLE STATEMENT
Title Optimal inventory modeling of systems
260 ## - PUBLICATION, DISTRIBUTION, ETC. (IMPRINT)
Place of publication Boston :
Name of publisher Kluwer Academic,
Year of publication 2004.
300 ## - PHYSICAL DESCRIPTION
Number of Pages xxx, 332 p. :
Other physical details ill.
490 1# - SERIES STATEMENT
Series statement International series in operations research & management science ;
650 #0 - SUBJECT ADDED ENTRY--TOPICAL TERM
Topical Term Inventory control
Topical Term Business logistics.
856 40 - ELECTRONIC LOCATION AND ACCESS
Uniform Resource Identifier http://site.ebrary.com/lib/rucke/Doc?id=10088560

No items available.

© 2026 Rongo University
Contact us: librarian | system librarian | Rongo university